Szczegóły MARC21

Rozwiązujemy zadania z analizy matematycznej. Cz. 1 /

003 -Nazwa inst., której nr kontr. jest w polu 001 [,]
    • @
    • Nazwa instytucji, której n kontrolny jest w polu 001
    • NUKAT
005 -DATA I CZAS OSTATNIEJ MODYFIKACJI [,]
    • @
    • pole kontrolne
    • 20241231095000.0
020 -Międzynarod. znormalizowany nr książki - ISBN [ , ]
    • a
    • Numer ISBN
    • 9788375860337 Find
020 -Międzynarod. znormalizowany nr książki - ISBN [ , ]
    • a
    • Numer ISBN
    • 9788375860993 Find
040 -Instytucja sporządzająca opis [ , ]
    • a
    • Instytucja, która sporządziła opis (NP)
    • WA 72/08AG
    • c
    • Instytucja, która sporządziła rekord (NP)
    • WA 72/08AG
    • d
    • Instytucja, która zmodyfikowała rekord (P)
    • WA 72/08AK
    • d
    • Instytucja, która zmodyfikowała rekord (P)
    • Ł 30/BSts
    • d
    • Instytucja, która zmodyfikowała rekord (P)
    • WA U/MAG
    • d
    • Instytucja, która zmodyfikowała rekord (P)
    • WA 35/BJ
942 -Rodzaj dokumentu [ , ]
    • c
    • Rodzaj dokumentu
    • Książka
100 -Hasło główne - nazwa osobowa [1, ]
    • a
    • Nazwa osobowa (NP)
    • Radożycki, Tomasz
    • c
    • Dopowiedzenie inne niż daty biograficzne (P)
    • (fizyka).
    • 9
    • KHW
    • 44086
240 -Tytuł ujednolicony [1,0]
    • a
    • Tytuł ujednolicony
    • Rozwiązujemy zadania z analizy matematycznej
    • l
    • Język tekstu
    • (pol.)
    • 9
    • KHW
    • 555583
245 -Strefa tytułu i oznaczenia odpowiedzialności [1,0]
    • a
    • Tytuł
    • Rozwiązujemy zadania z analizy matematycznej. Find
    • n
    • Oznaczenie części (P)
    • Cz. 1 /
    • c
    • Pozostałe elementy strefy tytułu i oznaczenia odpowiedzialności (NP)
    • Tomasz Radożycki.
260 -Strefa adresu wydawniczego [ , ]
    • a
    • Miejsce wydania (P)
    • Rzeszów :
    • b
    • Nazwa wydawcy (P)
    • Wydawnictwo Oświatowe FOSZE,
    • c
    • Data wydania (P)
    • cop. 2010.
300 -Strefa opisu fizycznego [ , ]
    • a
    • Określenie formy książki i/lub objętość (NP)
    • 356 s. :
    • b
    • Oznaczenie ilustracji (NP)
    • il. ;
    • c
    • Format (NP)
    • 24 cm.
336 -Typ zawartości [ , ]
    • a
    • Termin opisujący typ zawartości
    • Tekst
    • b
    • Kod określający zawartość
    • txt
    • 2
    • Źródło (terminu i kodu)
    • rdacontent
337 -Typ mediów [ , ]
    • a
    • Tryb odtwarzania
    • Bez urządzenia pośredniczącego
    • b
    • Kod typu mediów
    • n
    • 2
    • Źródło (terminu i kodu)
    • rdamedia
338 -Typ/rodzaj nośnika [ , ]
    • a
    • Hasło opisujące typ nośnika
    • Wolumin
    • b
    • Kod typu nośnika
    • nc
    • 2
    • Źródło (terminu i kodu)
    • rdacarrier
080 -Uniwersalna Klasyfikacja Dziesiętna [ , ]
    • 2
    • Identyfikator wydania tablic
    • UDC-P058
    • 9
    • UKD
    • 4048
    • a
    • Symbol klasyfikacji
    • 517
    • b
    • Dopowiedzenie
    • Analiza matematyczna. Matematyczna teoria kontroli.
    • 4
    • UKD2
    • 7665
    • x
    • Poddział wspólny
    • (075.8)
    • c
    • Dopowiedzenie poddz. wspólnego
    • (Podręczniki dla szkół wyższych. Skrypty).
    • 4
    • UKD2
    • 8056
    • x
    • Poddział wspólny
    • (076)
    • c
    • Dopowiedzenie poddz. wspólnego
    • (Materiały do ćwiczeń praktycznych. Zadania. Pytania i rozwiązania. Teksty programowane).
650 -Hasło przedmiotowe [ ,7]
    • a
    • Hasło przedmiotowe
    • Analiza matematyczna
    • v
    • Określnik formalny
    • zadania i ćwiczenia.
    • 2
    • Źródło terminu
    • kaba
    • 9
    • KHW
    • 354777
980 -Symbol UKD [ , ]
    • a
    • UKD
    • 517(075.8)(076)
710 -Hasło dodatkowe - nazwa ciała zbiorowego [2, ]
    • a
    • Nazwa ciała zbiorowego lub nazwa geograficzna jako pierwszy element (NP)
    • Wydawnictwo Oświatowe Fosze.
    • 4
    • Kod relacji
    • pbl
    • 9
    • KHW
    • 77866
920 -ISBN [ , ]
    • a
    • ISBN
    • 978-83-7586-033-7 Find
920 -ISBN [ , ]
    • a
    • ISBN
    • 978-83-7586-099-3 Find
Lokalizacja Data inwentaryzacji Status udost. Numer inwentarzowy
BG2010-10-201N.19761